[Event "Valasska Bystrice Open"]
[Site "?"]
[Date "2011.09.15"]
[Round "7.7"]
[White "Riska, Lubomir"]
[Black "Snyta, Zdenek"]
[Result "0-1"]
[WhiteElo "2232"]
[BlackElo "2076"]
[PlyCount "84"]
[EventDate "2011.09.10"]

1. Nf3 f5 2. g3 Nf6 3. Bg2 e6 4. d4 Be7 5. O-O O-O 6. c4 d6 7. b3 Ne4 8. Bb2
Nd7 9. Nbd2 Nxd2 10. Qxd2 Bf6 11. Rad1 c6 12. Qc2 Qc7 13. Ne1 g6 14. e4 Bg7 15.
f4 Nf6 16. e5 dxe5 17. dxe5 Ng4 18. Rf3 Rf7 19. h3 Nh6 20. Ba3 c5 21. Rfd3 Bf8
22. Qd2 Rb8 23. Nc2 b6 24. Ne3 Bb7 25. Bb2 Bc6 26. a4 Be7 27. Nd5 Qb7 28. Nxe7+
Rxe7 29. Rd8+ Re8 30. Rxb8 Rxb8 31. Bxc6 Qxc6 32. Qd6 Qc8 33. Qd7 Nf7 34. Qxa7
Rb7 35. Qa6 Qc6 36. Qa8+ Kg7 37. Kf2 Qe4 38. Rd2 g5 39. Re2 Qh1 40. Ke3 Qg1+
41. Rf2 Qe1+ 42. Kf3 Qe4# 0-1

[Event "Valasska Bystrice Open"]
[Site "?"]
[Date "2011.09.15"]
[Round "7.8"]
[White "Cizinsky, Petr"]
[Black "Sabolova, Kristyna"]
[Result "1-0"]
[WhiteElo "2178"]
[BlackElo "1734"]
[PlyCount "85"]
[EventDate "2011.09.10"]

1. d3 d6 2. g3 g6 3. Bg2 Bg7 4. Nf3 Nf6 5. O-O O-O 6. Nbd2 c5 7. c3 Nc6 8. e4
Ne8 9. Re1 e5 10. Nf1 Kh8 11. Ne3 Nc7 12. Qe2 Be6 13. h3 d5 14. Ng4 f6 15. Kh1
Qd7 16. Ng1 f5 17. exf5 Bxf5 18. Bh6 Bxg4 19. Bxg7+ Kxg7 20. hxg4 Rae8 21. Rad1
Qf7 22. Nh3 b6 23. Kg1 Qf6 24. Qd2 Rd8 25. Rf1 Qe6 26. Qe2 Ne7 27. Rde1 Rfe8
28. Ng5 Qf6 29. Qxe5 Qxe5 30. Rxe5 Nc6 31. Rxe8 Rxe8 32. f4 Re2 33. Rf2 Re3 34.
f5 gxf5 35. gxf5 Rxg3 36. f6+ Kf8 37. Nxh7+ Kf7 38. Rf5 Ne6 39. Kf2 Rxd3 40.
Bxd5 Ncd8 41. Ng5+ Kg6 42. Bxe6 Nxe6 43. Nxe6 1-0

[Event "Valasska Bystrice Open"]
[Site "?"]
[Date "2011.09.15"]
[Round "7.9"]
[White "Hrabal, Michal"]
[Black "Parak, Dominik"]
[Result "0-1"]
[WhiteElo "2046"]
[BlackElo "2160"]
[PlyCount "86"]
[EventDate "2011.09.10"]

1. e4 e6 2. d3 d5 3. Nd2 Nf6 4. Ngf3 c5 5. g3 Nc6 6. Bg2 Be7 7. O-O O-O 8. e5
Nd7 9. Re1 Qc7 10. Qe2 b6 11. Nf1 Bb7 12. h4 Rac8 13. Bf4 Rfd8 14. N1h2 Nf8 15.
Ng4 Ng6 16. Bg5 Bxg5 17. hxg5 Qe7 18. c3 d4 19. c4 Nb8 20. Qd2 Bc6 21. Kh2 Qb7
22. Nh4 Nxh4 23. Bxc6 Qxc6 24. gxh4 Qf3 25. Re4 b5 26. b3 bxc4 27. bxc4 Na6 28.
Rg1 Rb8 29. Rg3 Qf5 30. Rf4 Rb2 31. Qxb2 Qxf4 32. Qb7 Nb4 33. Qe7 Rc8 34. Kh3
Qf5 35. Kg2 Nxd3 36. Qb7 Rf8 37. Qxa7 Nf4+ 38. Kh2 Ne2 39. Rg2 Qf4+ 40. Kh1 d3
41. Qd7 d2 42. Qd6 Re8 43. a4 Qd4 0-1

[Event "Valasska Bystrice Open"]
[Site "?"]
[Date "2011.09.15"]
[Round "7.10"]
[White "Vinklarek, Robert"]
[Black "Mrva, Vladimir"]
[Result "0-1"]
[WhiteElo "1685"]
[BlackElo "2157"]
[PlyCount "140"]
[EventDate "2011.09.10"]

1. d4 Nf6 2. c4 e6 3. Bg5 Bb4+ 4. Nc3 d5 5. a3 h6 6. axb4 hxg5 7. e3 dxc4 8.
Bxc4 Qd6 9. Qa4+ Bd7 10. Nb5 Qc6 11. Bf1 g4 12. Qb3 Rh5 13. Nc3 Qd6 14. Nge2
Rxh2 15. Rxh2 Qxh2 16. Ng3 Nc6 17. b5 Ne7 18. Qc4 Kd8 19. Qc5 b6 20. Qe5 Ng6
21. Qg5 Qh4 22. Nce4 Qxg5 23. Nxg5 Ke7 24. e4 Ne8 25. e5 f6 26. exf6+ gxf6 27.
N5e4 c6 28. Nc3 cxb5 29. Bxb5 Bxb5 30. Nxb5 a5 31. Ne2 Nd6 32. Nxd6 Kxd6 33. b4
Kd5 34. Kd2 Ke4 35. b5 Nf4 36. Nxf4 Kxf4 37. Rc1 Rd8 38. Kd3 e5 39. Rc6 Rxd4+
40. Ke2 f5 41. Rxb6 Rb4 42. Rb8 Rb2+ 43. Kf1 g3 44. fxg3+ Kxg3 45. b6 a4 46. b7
Kf4 47. Ra8 Rxb7 48. Rxa4+ e4 49. Ra2 Rb3 50. Kf2 Kg4 51. Re2 Rb4 52. Rc2 f4
53. Rc8 e3+ 54. Kf1 Rb1+ 55. Ke2 Rb2+ 56. Kf1 Rf2+ 57. Kg1 Kf5 58. Rc4 Ke5 59.
Rb4 Rd2 60. Kf1 Rd4 61. Rb2 Ke4 62. Ke2 Ra4 63. Rc2 Ra1 64. Rc4+ Kf5 65. Rc8
Ra2+ 66. Kf1 Rf2+ 67. Kg1 Ke4 68. Rc3 Rd2 69. Kf1 Rd1+ 70. Ke2 Rg1 0-1

[Event "Valasska Bystrice Open"]
[Site "?"]
[Date "2011.09.15"]
[Round "7.12"]
[White "Kunc, Miroslav"]
[Black "Rucka, Petr"]
[Result "1-0"]
[WhiteElo "2094"]
[BlackElo "1942"]
[PlyCount "87"]
[EventDate "2011.09.10"]

1. d4 Nf6 2. c4 g6 3. Nc3 Bg7 4. e4 d6 5. Be2 O-O 6. Bg5 c5 7. d5 a6 8. Qd2 Re8
9. f4 h6 10. Bh4 Bd7 11. e5 dxe5 12. fxe5 Nh7 13. Nf3 Bg4 14. O-O Bxf3 15. Rxf3
Bxe5 16. Qxh6 Bg7 17. Qf4 Rf8 18. Raf1 Qe8 19. Bd3 Nd7 20. Re1 f6 21. Qg4 Ne5
22. Rxe5 fxe5 23. Bxg6 Qc8 24. Bf5 Qe8 25. Rg3 Rf7 26. Be6 Kh8 27. Qg6 Nf8 28.
Qh5+ Kg8 29. Qxe5 Kh8 30. Qh5+ Kg8 31. Rf3 Bd4+ 32. Kh1 Nxe6 33. dxe6 Rxf3 34.
Qxf3 Rd8 35. h3 Qg6 36. Bxe7 Re8 37. Nd5 Qb1+ 38. Kh2 Be5+ 39. g3 Qc2+ 40. Qg2
Qxc4 41. Qf2 Qxd5 42. Qf7+ Kh8 43. Qxe8+ Kh7 44. Qh5+ 1-0

[Event "Valasska Bystrice Open"]
[Site "?"]
[Date "2011.09.15"]
[Round "7.13"]
[White "Jurca, Marek"]
[Black "Simek, Jiri"]
[Result "1/2-1/2"]
[WhiteElo "1865"]
[BlackElo "2058"]
[PlyCount "120"]
[EventDate "2011.09.10"]

1. d4 d5 2. c4 e6 3. Nc3 Nf6 4. g3 Be7 5. Bg2 O-O 6. Nf3 Nbd7 7. O-O b6 8. b3
Bb7 9. Bb2 c5 10. e3 Rc8 11. Nd2 Qc7 12. Rc1 Rfd8 13. Qe2 Nf8 14. Rfd1 Ng6 15.
f4 dxc4 16. bxc4 Bxg2 17. Qxg2 a6 18. Nde4 Nxe4 19. Nxe4 Rd7 20. h4 Bf8 21. h5
Ne7 22. Qf3 cxd4 23. exd4 Nf5 24. g4 Nd6 25. Nd2 Nb7 26. Qe4 Qc6 27. Qe2 Bd6
28. Rf1 Re7 29. Rf3 Qe8 30. h6 f5 31. g5 gxh6 32. gxh6 Qg6+ 33. Qg2 Qxg2+ 34.
Kxg2 Kf7 35. Kf2 Rg8 36. Ke3 Rg6 37. Rh1 Rd7 38. Rh4 Be7 39. Rh2 Bf6 40. Rff2
Rg3+ 41. Nf3 Nd6 42. Rc2 Ne4 43. Rcg2 Rg6 44. Ne5+ Bxe5 45. fxe5 Rc7 46. Kd3
Rd7 47. Ba3 Ng5 48. Bd6 Ne4 49. Rxg6 Kxg6 50. Bf8 Kf7 51. Bg7 b5 52. Rc2 bxc4+
53. Rxc4 a5 54. Rc8 Rb7 55. Rf8+ Kg6 56. Ra8 Rb5 57. Ra6 Kf7 58. Kc4 Rb4+ 59.
Kd3 Rb5 60. Ra7+ Kg6 1/2-1/2

[Event "Valasska Bystrice Open"]
[Site "?"]
[Date "2011.09.15"]
[Round "7.14"]
[White "Vaculik, Jakub"]
[Black "Horak, Karel"]
[Result "0-1"]
[WhiteElo "1783"]
[BlackElo "2051"]
[PlyCount "48"]
[EventDate "2011.09.10"]

1. f4 c5 2. Nf3 Nc6 3. g3 d5 4. d3 Nf6 5. Bg2 Bf5 6. O-O e6 7. e3 Be7 8. b3 h5
9. Bb2 Ng4 10. Qe1 Nb4 11. Na3 Bxd3 12. cxd3 Nxd3 13. Qe2 Nxb2 14. Qxb2 Nxe3
15. Rfe1 Nxg2 16. Kxg2 O-O 17. Rad1 Bf6 18. Qb1 Qa5 19. Nc2 b5 20. f5 Qb6 21.
Ne5 d4 22. g4 hxg4 23. Na3 Qa6 24. Nd7 Qb7+ 0-1

[Event "Valasska Bystrice Open"]
[Site "?"]
[Date "2011.09.15"]
[Round "7.16"]
[White "Kolasin, Jan"]
[Black "Koller, Martin"]
[Result "1/2-1/2"]
[WhiteElo "2001"]
[BlackElo "1758"]
[PlyCount "65"]
[EventDate "2011.09.10"]

1. e4 e5 2. f4 d5 3. exd5 e4 4. Nc3 Nf6 5. d3 Bb4 6. Bd2 e3 7. Bxe3 Bxc3+ 8.
bxc3 O-O 9. Be2 Nxd5 10. Bd2 Qf6 11. Nf3 Nxc3 12. Bxc3 Qxc3+ 13. Nd2 Qd4 14.
Ne4 Bf5 15. c3 Qe3 16. Qd2 Qxd2+ 17. Kxd2 Bxe4 18. dxe4 Nd7 19. Kc2 Nc5 20. e5
Rad8 21. Rab1 g6 22. Bf3 b6 23. Rbd1 Kg7 24. h4 Ne6 25. g3 h5 26. f5 gxf5 27.
Bxh5 f4 28. gxf4 Rxd1 29. Bxd1 Nxf4 30. Rg1+ Kh6 31. h5 Re8 32. Rf1 Nxh5 33.
Rxf7 1/2-1/2

[Event "Valasska Bystrice Open"]
[Site "?"]
[Date "2011.09.15"]
[Round "7.17"]
[White "Pys, Zbynek"]
[Black "Alfimov, Igor"]
[Result "0-1"]
[WhiteElo "1987"]
[BlackElo "1888"]
[PlyCount "82"]
[EventDate "2011.09.10"]

1. Nf3 d5 2. d4 Nf6 3. e3 Bf5 4. Nbd2 e6 5. a3 Nbd7 6. Be2 c5 7. dxc5 Bxc5 8.
b4 Bb6 9. Bb2 O-O 10. O-O h6 11. c4 Ne4 12. c5 Bc7 13. Nb3 Qb8 14. Nbd4 Bh7 15.
g3 Ne5 16. Nxe5 Bxe5 17. f4 Bf6 18. Rc1 e5 19. Nf3 exf4 20. Bxf6 Nxf6 21. exf4
Be4 22. Ne5 Qc8 23. Bf3 a6 24. Qd4 Rd8 25. c6 Qc7 26. a4 bxc6 27. Nxc6 Re8 28.
Ne5 Qb7 29. Be2 Rab8 30. b5 axb5 31. Bxb5 Rec8 32. h3 Rc7 33. Rc6 Rxc6 34. Nxc6
Ra8 35. Rf2 Qd7 36. Kh2 Rc8 37. Qc5 Kh8 38. Rd2 Qf5 39. Qe3 Qh5 40. Ne5 Rc1 41.
Rg2 Rh1+ 0-1

[Event "Valasska Bystrice Open"]
[Site "?"]
[Date "2011.09.15"]
[Round "7.18"]
[White "Konvicka, Martin"]
[Black "Belunek, Zdenek"]
[Result "1/2-1/2"]
[WhiteElo "1772"]
[BlackElo "1976"]
[PlyCount "69"]
[EventDate "2011.09.10"]

1. e4 e5 2. Nf3 Nc6 3. Bb5 a6 4. Ba4 Nf6 5. O-O d6 6. c3 Be7 7. d4 b5 8. Bb3
Bg4 9. Be3 O-O 10. Nbd2 Re8 11. d5 Nb8 12. a4 c6 13. axb5 cxb5 14. Qe2 Bd7 15.
c4 Ng4 16. cxb5 Nxe3 17. Qxe3 Bxb5 18. Bc4 Nd7 19. Ra2 Qb6 20. Rfa1 Qxe3 21.
fxe3 Bxc4 22. Nxc4 Nc5 23. Nfd2 Reb8 24. Kf2 Rb4 25. Kf3 g6 26. g4 Rab8 27. b3
Nxb3 28. Nxb3 Rxc4 29. Na5 Rc3 30. Nc6 Rb7 31. Nxe7+ Rxe7 32. Rxa6 Rd7 33. Rb6
Rc8 34. Raa6 Rcd8 35. Kg3 1/2-1/2

[Event "Valasska Bystrice Open"]
[Site "?"]
[Date "2011.09.15"]
[Round "7.19"]
[White "Kozojed, Vlastislav"]
[Black "Micka, Jaroslav"]
[Result "1-0"]
[WhiteElo "1966"]
[BlackElo "1835"]
[PlyCount "65"]
[EventDate "2011.09.10"]

1. d4 d5 2. Nf3 Nf6 3. c4 c6 4. e3 e6 5. Nc3 Nbd7 6. a3 Bd6 7. Qc2 O-O 8. h3
Re8 9. cxd5 exd5 10. Bd3 Qe7 11. O-O Ne4 12. b4 Ndf6 13. Na4 Bd7 14. Bb2 b6 15.
Ne5 c5 16. Nxd7 Nxd7 17. dxc5 bxc5 18. Bxe4 dxe4 19. Rfd1 Rad8 20. bxc5 Nxc5
21. Rxd6 Qxd6 22. Nxc5 Qg6 23. Rd1 Rxd1+ 24. Qxd1 h5 25. Qa4 f5 26. Qxa7 f4 27.
Bd4 f3 28. g3 Qf7 29. Qxf7+ Kxf7 30. a4 g5 31. a5 Kg6 32. a6 Kf5 33. a7 1-0

[Event "Valasska Bystrice Open"]
[Site "?"]
[Date "2011.09.15"]
[Round "7.20"]
[White "Foukal, Jiri"]
[Black "Stanek, Stanislav"]
[Result "1/2-1/2"]
[WhiteElo "1915"]
[BlackElo "2024"]
[PlyCount "112"]
[EventDate "2011.09.10"]

1. e4 e5 2. Nf3 d6 3. Bc4 Qe7 4. O-O Be6 5. Qe2 Nc6 6. c3 Bxc4 7. Qxc4 Qe6 8.
Qb5 Rb8 9. d4 Qd7 10. d5 Nd8 11. Qxd7+ Kxd7 12. c4 g6 13. Ng5 f6 14. Nh3 Bh6
15. Nc3 Bxc1 16. Raxc1 g5 17. f3 h5 18. Nf2 Ne7 19. Nd3 c5 20. dxc6+ bxc6 21.
c5 Ne6 22. cxd6 Kxd6 23. Rfd1 Nd4 24. Kf2 Rhd8 25. Ne2 Kc7 26. b3 Nxe2 27. Kxe2
Rd6 28. Rc3 Ng6 29. g3 Nf8 30. Nc5 Rbd8 31. Rcd3 Rxd3 32. Rxd3 Rxd3 33. Kxd3
Ng6 34. Kc4 h4 35. Kb4 hxg3 36. hxg3 Kd6 37. Nd3 Nf8 38. Ka5 Ne6 39. Ka6 Nd4
40. f4 exf4 41. gxf4 g4 42. e5+ fxe5 43. fxe5+ Kc7 44. Kxa7 Nf3 45. e6 Nd4 46.
Nf4 Kd6 47. Kb6 Nxe6 48. Ne2 c5 49. Nc3 Ke5 50. a4 Kd4 51. Ne2+ Kd3 52. Ng3 c4
53. bxc4 Kxc4 54. a5 Nc5 55. Nf5 Nd7+ 56. Kc6 Kb4 1/2-1/2

[Event "Valasska Bystrice Open"]
[Site "?"]
[Date "2011.09.15"]
[Round "7.21"]
[White "Musil, Vitezslav"]
[Black "Ambros, Zdenek"]
[Result "1-0"]
[WhiteElo "2005"]
[BlackElo "1888"]
[PlyCount "80"]
[EventDate "2011.09.10"]

1. e4 Nc6 2. Nf3 e5 3. Bc4 Nf6 4. d3 Bc5 5. c3 O-O 6. O-O d6 7. Bb3 Be6 8. Nbd2
Bb6 9. h3 Ne7 10. Bc2 c6 11. Nc4 Bc7 12. Bg5 Ng6 13. Ne3 h6 14. Bxf6 Qxf6 15.
Ng4 Bxg4 16. hxg4 d5 17. g3 dxe4 18. dxe4 Rad8 19. Qe2 Rd6 20. Bb3 Rfd8 21.
Rad1 Rxd1 22. Rxd1 Rxd1+ 23. Qxd1 Nf8 24. Kg2 g6 25. Qd2 Kg7 26. g5 hxg5 27.
Nxg5 Qd8 28. Qxd8 Bxd8 29. Nxf7 Bc7 30. Ng5 Kf6 31. Nf3 Nd7 32. Bc2 b5 33. Nd2
c5 34. Nf1 Nb6 35. Ne3 a5 36. b3 Bd6 37. Bd3 b4 38. cxb4 axb4 39. Bc4 Nc8 40.
Bd5 Ne7 1-0

[Event "Valasska Bystrice Open"]
[Site "?"]
[Date "2011.09.15"]
[Round "7.22"]
[White "Oktavec, Ivan"]
[Black "Plasek, Radim"]
[Result "0-1"]
[WhiteElo "1713"]
[BlackElo "1957"]
[PlyCount "41"]
[EventDate "2011.09.10"]

1. d4 Nf6 2. c4 e6 3. Nf3 d5 4. Nc3 c6 5. e3 Bd6 6. Be2 O-O 7. O-O Nbd7 8. b3
e5 9. dxe5 Nxe5 10. Bb2 Qc7 11. Nxe5 Bxe5 12. h3 dxc4 13. Bxc4 Bf5 14. Qe2 Rad8
15. Rad1 Qa5 16. Rc1 b5 17. Qf3 Bg6 18. Be2 Rd2 19. Qxc6 Rxb2 20. Rfd1 Bxc3 21.
Rc2 0-1

[Event "Valasska Bystrice Open"]
[Site "?"]
[Date "2011.09.15"]
[Round "7.23"]
[White "Malcanek, Jan"]
[Black "Jasny, Stanislav"]
[Result "1-0"]
[WhiteElo "1943"]
[BlackElo "1858"]
[PlyCount "47"]
[EventDate "2011.09.10"]

1. e4 e5 2. Nc3 Nf6 3. f4 Bb4 4. fxe5 Bxc3 5. dxc3 Ng8 6. Qg4 Kf8 7. Nf3 h6 8.
Be3 Ne7 9. Qg3 Nbc6 10. O-O-O Qe8 11. a3 Nd8 12. Bc4 Ne6 13. Rhf1 Kg8 14. Nh4
Kh7 15. Nf5 g6 16. Nxh6 Rf8 17. Qh4 Kg7 18. Bxe6 dxe6 19. Qf6+ Kh7 20. Rf3 Nd5
21. exd5 exd5 22. Nxf7 Bf5 23. Rxf5 gxf5 24. Qh6+ 1-0

[Event "Valasska Bystrice Open"]
[Site "?"]
[Date "2011.09.15"]
[Round "7.24"]
[White "Fiala, Jan"]
[Black "Folta, Frantisek"]
[Result "1/2-1/2"]
[WhiteElo "1932"]
[BlackElo "1816"]
[PlyCount "119"]
[EventDate "2011.09.10"]

1. e4 c5 2. Nf3 d6 3. d4 cxd4 4. Nxd4 Nf6 5. Nc3 g6 6. Be3 Bg7 7. f3 O-O 8. Qd2
Nc6 9. Bc4 Bd7 10. O-O-O Rc8 11. Bb3 Ne5 12. h4 Nc4 13. Bxc4 Rxc4 14. h5 Re8
15. hxg6 fxg6 16. g4 Qa5 17. Nb3 Qc7 18. Rh2 Rc8 19. Rdh1 Rxc3 20. Qxc3 Qxc3
21. bxc3 Rxc3 22. Kd2 Rc4 23. Bxa7 Ra4 24. Bd4 Nxe4+ 25. fxe4 Bxd4 26. Nxd4
Rxd4+ 27. Ke3 e5 28. Kf3 Bc6 29. Re1 d5 30. exd5 Bxd5+ 31. Kg3 Bxa2 32. Rxe5
Rd7 33. Kf4 Bc4 34. Kg5 Kg7 35. Re4 h6+ 36. Kf4 b5 37. Ke3 g5 38. Re5 Rf7 39.
Re4 Rd7 40. Rf2 Kg6 41. Re5 Rd6 42. Ke4 Rd1 43. Rc5 Re1+ 44. Kf3 Re6 45. Rh2
Rf6+ 46. Ke3 Re6+ 47. Kd4 Rd6+ 48. Kc3 Rf6 49. Kb4 Rf4 50. Rc6+ Kg7 51. Rhxh6
Rxg4 52. Rhd6 Bd5+ 53. Kxb5 Bxc6+ 54. Rxc6 Rg1 55. c4 g4 56. Rd6 g3 57. Kc6 g2
58. Rd3 Kf6 59. Rg3 Rc1 60. Rxg2 1/2-1/2

[Event "Valasska Bystrice Open"]
[Site "?"]
[Date "2011.09.15"]
[Round "7.28"]
[White "Doskar, Miloslav"]
[Black "Sramek, Josef"]
[Result "0-1"]
[WhiteElo "1757"]
[BlackElo "2142"]
[PlyCount "98"]
[EventDate "2011.09.10"]

1. d4 d5 2. c4 e6 3. Nf3 c6 4. Nc3 Nf6 5. e3 Nbd7 6. Bd3 dxc4 7. Bxc4 b5 8. Bd3
a6 9. O-O c5 10. e4 cxd4 11. Nxd4 Bb7 12. Nf3 Nc5 13. Bc2 Qxd1 14. Rxd1 Ncxe4
15. Nxe4 Nxe4 16. Rd4 Nf6 17. Bg5 Bc5 18. Rf4 Rc8 19. Ne1 Be7 20. Rh4 Nd5 21.
Bxe7 Kxe7 22. Be4 h6 23. Bf3 Rc7 24. Nd3 Rhc8 25. Re1 Nf6 26. Bxb7 Rxb7 27. Rh3
Rbc7 28. f4 Kf8 29. Rhe3 Rc2 30. Rd1 g6 31. h3 h5 32. a3 h4 33. b4 R2c3 34. Kf2
Rxa3 35. Nc5 Rxe3 36. Kxe3 Nd5+ 37. Kf3 Nxb4 38. Nd7+ Ke7 39. Ne5 Nd5 40. Ra1
Ra8 41. Kg4 Ne3+ 42. Kf3 Nc4 43. Nd3 a5 44. Ke2 a4 45. Ne1 b4 46. Kd3 Nb6 47.
Nf3 Nd5 48. Nxh4 Nxf4+ 49. Kc4 Nd5 0-1

[Event "Valasska Bystrice Open"]
[Site "?"]
[Date "2011.09.15"]
[Round "7.29"]
[White "Veselsky, Frantisek"]
[Black "Mlady, Pavel"]
[Result "1-0"]
[WhiteElo "1979"]
[BlackElo "1429"]
[PlyCount "69"]
[EventDate "2011.09.10"]

1. e4 e5 2. Nf3 d6 3. d4 exd4 4. Nxd4 Nf6 5. Nc3 Be7 6. f3 Bd7 7. Be3 a6 8. Qd2
Nc6 9. O-O-O Nxd4 10. Bxd4 O-O 11. g4 Ne8 12. Rg1 Bf6 13. Be3 Be6 14. Nd5 b5
15. g5 Be7 16. Kb1 Rb8 17. f4 f5 18. exf5 Bxf5 19. Bd3 c6 20. Nxe7+ Qxe7 21.
Rge1 Qd7 22. h4 Bxd3 23. Qxd3 Qf5 24. Qa3 Ra8 25. Qa5 Rf7 26. Bc1 Qg4 27. Qb6
Qc8 28. h5 Rb8 29. Qd4 c5 30. Qd5 Kf8 31. g6 hxg6 32. hxg6 Rf5 33. Rxe8+ Kxe8
34. Re1+ Kf8 35. Qh1 1-0

[Event "Valasska Bystrice Open"]
[Site "?"]
[Date "2011.09.15"]
[Round "7.30"]
[White "Tejkal, Jiri"]
[Black "Bambusek, Vladislav"]
[Result "0-1"]
[WhiteElo "1978"]
[BlackElo "1713"]
[PlyCount "138"]
[EventDate "2011.09.10"]

1. d4 Nf6 2. Nf3 e6 3. c4 c6 4. Nc3 d5 5. cxd5 exd5 6. Bg5 Be7 7. Qc2 O-O 8. e3
h6 9. Bh4 Be6 10. Bd3 Nbd7 11. O-O a6 12. a3 Bg4 13. Be2 Be6 14. Nd2 Qc7 15. f4
Nb6 16. Bg3 Bg4 17. Bd3 Bc8 18. b3 Bd6 19. Nf3 Ng4 20. Rfe1 c5 21. h3 Nf6 22.
Ne5 cxd4 23. exd4 Nh5 24. Bh2 Be6 25. f5 Bd7 26. g4 Nf6 27. Rec1 Rac8 28. Qd2
Qd8 29. Kh1 Bb8 30. Rg1 Nh7 31. Rac1 f6 32. Ng6 Re8 33. Bxb8 Rxb8 34. Rge1 Bc6
35. Nf4 Qd6 36. a4 Qb4 37. Bc2 Ng5 38. Ne4 Qf8 39. Nxg5 hxg5 40. Ne6 Qd6 41.
Qf2 Kf7 42. Re3 Rh8 43. Kg2 Rbe8 44. Rce1 Nc8 45. Qd2 b6 46. Rc3 a5 47. Bd3 Re7
48. Rec1 Na7 49. Ba6 Bd7 50. Bd3 Bxe6 51. fxe6+ Qxe6 52. Rc7 Rhe8 53. Bb1 Rxc7
54. Rxc7+ Re7 55. Rxe7+ Qxe7 56. Qd3 Qe4+ 57. Qxe4 dxe4 58. Bxe4 Nc8 59. Kf3
Ke7 60. Ke3 Kd6 61. Kd3 Ne7 62. Kc4 Kc7 63. Kb5 g6 64. d5 f5 65. Bf3 Nc8 66.
Be2 Nd6+ 67. Ka6 Ne4 68. Bc4 f4 69. Bd3 Nc5+ 0-1

[Event "Valasska Bystrice Open"]
[Site "?"]
[Date "2011.09.15"]
[Round "7.31"]
[White "Parak, Frantisek"]
[Black "Perik, Alois"]
[Result "1/2-1/2"]
[WhiteElo "1758"]
[BlackElo "1861"]
[PlyCount "90"]
[EventDate "2011.09.10"]

1. e4 c6 2. d4 d5 3. e5 Bf5 4. Be2 e6 5. Nf3 Nd7 6. O-O c5 7. c3 cxd4 8. cxd4
Ne7 9. Nc3 Nc6 10. Qb3 Qb6 11. Qxb6 Nxb6 12. Nb5 Rc8 13. a3 Bg4 14. Be3 a6 15.
Nc3 Be7 16. Rac1 Na5 17. Nb1 Kd7 18. b4 Nac4 19. Bxc4 Bxf3 20. gxf3 Nxc4 21.
Rc3 b5 22. Rfc1 f5 23. f4 Rhf8 24. Kf1 h6 25. Ke2 g5 26. Rg1 Rg8 27. Nd2 Nxd2
28. Rxc8 Kxc8 29. Bxd2 Kd7 30. fxg5 hxg5 31. f3 Rh8 32. Rg2 f4 33. Bc1 Rh3 34.
Rf2 Bd8 35. Bb2 Be7 36. Bc1 Rh8 37. Kd3 Rc8 38. Rc2 Rc4 39. Bb2 Kc7 40. Rg2 Kd7
41. Rg4 Rc8 42. Rg2 Rh8 43. Ke2 Kc6 44. Bc1 Bd8 45. Rf2 Rh5 1/2-1/2

[Event "Valasska Bystrice Open"]
[Site "?"]
[Date "2011.09.15"]
[Round "7.32"]
[White "Vranova, Jarmila"]
[Black "Vanhara, Petr"]
[Result "1/2-1/2"]
[WhiteElo "1717"]
[BlackElo "1849"]
[PlyCount "87"]
[EventDate "2011.09.10"]

1. e4 e5 2. Nf3 Nc6 3. Bb5 a6 4. Ba4 Nf6 5. O-O Be7 6. Re1 b5 7. Bb3 d6 8. d4
O-O 9. h3 exd4 10. Nxd4 Nxd4 11. Qxd4 c5 12. Bxf7+ Rxf7 13. Qe3 Qc7 14. Nc3 Bb7
15. Qg3 Rd8 16. e5 dxe5 17. Bh6 Kh8 18. Be3 Bd6 19. Qh4 Nd5 20. Ne4 Be7 21. Bg5
Qc6 22. f3 Qg6 23. Bxe7 Nxe7 24. Rad1 Rdf8 25. Nd6 Rf4 26. Qxe7 Bxf3 27. Rd2
Ba8 28. Qxe5 c4 29. Rde2 h6 30. Qe7 R4f6 31. Ne8 R6f7 32. Qd6 Qxd6 33. Nxd6 Rf6
34. Ne8 R6f7 35. Re3 Rf2 36. Rg3 R2f7 37. Nd6 Rd7 38. Re6 Bd5 39. Reg6 Ba8 40.
R3g4 Kh7 41. Re6 Bd5 42. Reg6 Re7 43. b3 cxb3 44. cxb3 1/2-1/2

[Event "Valasska Bystrice Open"]
[Site "?"]
[Date "2011.09.15"]
[Round "7.37"]
[White "Horak, Karel"]
[Black "Svoboda, Zdenek"]
[Result "1-0"]
[WhiteElo "1828"]
[BlackElo "1725"]
[PlyCount "73"]
[EventDate "2011.09.10"]

1. e4 c6 2. d4 d5 3. exd5 Qxd5 4. c4 Qa5+ 5. Nc3 Bf5 6. Nf3 Nd7 7. Bd2 Qc7 8.
Be2 Ngf6 9. h3 e6 10. Nh4 Ne4 11. Nxf5 Nxd2 12. Nxg7+ Bxg7 13. Qxd2 O-O-O 14.
Qe3 h5 15. O-O Nf6 16. Rfd1 h4 17. d5 Qb6 18. Qxb6 axb6 19. dxc6 bxc6 20. Rac1
Nh5 21. Rxd8+ Kxd8 22. b4 Nf4 23. Kf1 Rg8 24. Bf3 Kc7 25. Nb1 Bd4 26. Rd1 e5
27. Bg4 Rg5 28. g3 hxg3 29. fxg3 Nh5 30. Bxh5 Rxh5 31. Kg2 f5 32. Nd2 e4 33.
Nxe4 c5 34. Nd2 Rg5 35. Nf3 Rg6 36. Nxd4 cxd4 37. Rxd4 1-0

[Event "Valasska Bystrice Open"]
[Site "?"]
[Date "2011.09.15"]
[Round "7.38"]
[White "Ruzicka, Vaclav"]
[Black "Romanek, Zdenek"]
[Result "1-0"]
[WhiteElo "1743"]
[BlackElo "1722"]
[PlyCount "61"]
[EventDate "2011.09.10"]

1. c4 Nf6 2. Nc3 d5 3. e3 c5 4. Nf3 d4 5. exd4 cxd4 6. Ne2 Nc6 7. d3 e5 8. Ng3
Bc5 9. Be2 O-O 10. O-O Re8 11. Bg5 a5 12. Ne4 Ba7 13. Nxf6+ gxf6 14. Bh6 Kh8
15. Kh1 Rg8 16. Rg1 Qe7 17. Qd2 Bf5 18. Nh4 Bg6 19. Bf3 Bb6 20. Rae1 Nb4 21.
Be4 Qd7 22. h3 Nxa2 23. f4 f5 24. Bd5 Rge8 25. fxe5 Nb4 26. Nxg6+ hxg6 27. Bg5
Bd8 28. Bf6+ Kh7 29. Qg5 Bxf6 30. exf6 Rh8 31. Re7 1-0

[Event "Valasska Bystrice Open"]
[Site "?"]
[Date "2011.09.15"]
[Round "7.40"]
[White "Vlachopulos, Elefteris"]
[Black "Capil, Dalibor"]
[Result "0-1"]
[WhiteElo "1735"]
[BlackElo "1461"]
[PlyCount "122"]
[EventDate "2011.09.10"]

1. d4 d6 2. c4 b6 3. e4 e6 4. Nc3 Nf6 5. f4 Bb7 6. Bd3 Nc6 7. Nf3 Be7 8. O-O
Qd7 9. Qe2 O-O-O 10. Bd2 g6 11. Rac1 Nh5 12. d5 Nb8 13. Nb5 Na6 14. Nxa7+ Kb8
15. Nb5 Nc5 16. Bb1 c6 17. dxc6 Bxc6 18. Nfd4 Bb7 19. Bc3 Rhg8 20. Rcd1 Na4 21.
Bb4 Nc5 22. b3 f5 23. e5 d5 24. cxd5 Bxd5 25. Nc3 Bb7 26. Nxf5 Qc7 27. Nxe7
Qxe7 28. Qb5 Qc7 29. g4 Ba6 30. Bxc5 Bxb5 31. Bd6 Rxd6 32. exd6 Qc5+ 33. Rf2
Nxf4 34. Ne4 Ne2+ 35. Kg2 Qc6 36. Kh3 g5 37. a4 Nc3 38. axb5 Nxe4 39. Rf7 Qc3+
40. Kg2 Nxd6 41. Rxd6 Qb2+ 42. Kf3 Qxb1 43. Rxb6+ Kc8 44. Rc6+ Kb8 45. Rb6+ Kc8
46. Rc6+ Kd8 47. Rcc7 Qxb3+ 48. Kf2 Qd5 49. Rb7 Qc5+ 50. Ke2 Qc8 51. b6 e5 52.
Rbc7 Qxg4+ 53. Kd2 Qd4+ 54. Kc2 Qa4+ 55. Kc3 Qa5+ 56. Kd3 Qb5+ 57. Ke4 Qe2+ 58.
Kd5 Qd3+ 59. Kc5 Qd4+ 60. Kb5 Qd3+ 61. Kb4 Qb1+ 0-1

[Event "Valasska Bystrice Open"]
[Site "?"]
[Date "2011.09.15"]
[Round "7.42"]
[White "Kovarik, Matyas"]
[Black "Glacner, Karel"]
[Result "0-1"]
[WhiteElo "1553"]
[BlackElo "1669"]
[PlyCount "74"]
[EventDate "2011.09.10"]

1. e4 c5 2. Nc3 Nc6 3. g3 g6 4. Bg2 e5 5. d3 Nd4 6. f4 d6 7. Nf3 f6 8. O-O Bg4
9. h3 Be6 10. g4 h6 11. Nh4 Bf7 12. fxe5 dxe5 13. Nf3 g5 14. Nxd4 cxd4 15. Ne2
h5 16. Ng3 hxg4 17. hxg4 Qd7 18. Bd2 Be6 19. Bf3 O-O-O 20. Rf2 Nh6 21. Rh2 Bg7
22. Nf5 Nxf5 23. Rxh8 Rxh8 24. exf5 Bd5 25. Qe2 Qc6 26. Bxd5 Qxd5 27. Qg2 Qb5
28. b3 Bf8 29. a4 Qb6 30. Kf2 Bb4 31. Bxb4 Qxb4 32. Re1 Qd2+ 33. Re2 Qf4+ 34.
Kg1 Rh4 35. Qd5 Rxg4+ 36. Rg2 Qc1+ 37. Kh2 Rh4+ 0-1

[Event "Valasska Bystrice Open"]
[Site "?"]
[Date "2011.09.16"]
[Round "8.4"]
[White "Snyta, Zdenek"]
[Black "Vrana, Frantisek"]
[Result "0-1"]
[WhiteElo "2076"]
[BlackElo "2249"]
[PlyCount "118"]
[EventDate "2011.09.10"]

1. e4 c6 2. Nc3 d5 3. Nf3 Bg4 4. h3 Bh5 5. Be2 e6 6. exd5 cxd5 7. Ne5 Bxe2 8.
Qxe2 Nc6 9. Nxc6 bxc6 10. O-O Nf6 11. d3 Bd6 12. b3 O-O 13. Bb2 e5 14. a4 Re8
15. Rad1 Bc7 16. Bc1 Qd6 17. g3 Bb6 18. Qf3 Qc5 19. d4 exd4 20. Ne2 Qxc2 21.
Nxd4 Bxd4 22. Rxd4 Rab8 23. b4 Re4 24. Rxe4 Qxe4 25. Qc3 d4 26. Qc5 d3 27. Bd2
Qe2 28. Bc3 Nd5 29. Re1 Qc2 30. Qxc6 Nf6 31. Qd6 Rc8 32. Bxf6 d2 33. Bc3
dxe1=R+ 34. Bxe1 Qxa4 35. Bd2 Qe8 36. Be3 Rd8 37. Qa6 Qe4 38. Kh2 h6 39. g4 Qf3
40. Qc4 Rd1 41. Qc8+ Kh7 42. Qf5+ Qxf5 43. gxf5 a6 44. Kg3 Rb1 45. Bc5 Rc1 46.
Be7 Rc7 47. Bd6 Rd7 48. Bf8 Kg8 49. Bc5 Rd5 50. Kf4 f6 51. Be3 Kf7 52. Kg4 Re5
53. Kf4 Ke8 54. Bd4 Rb5 55. Bc3 Kd7 56. Ke4 Kc6 57. f4 Rd5 58. Bd4 Rd7 59. Bc3
Kb5 0-1